| 000 | 00653nam a2200265Ia 4500 | ||
|---|---|---|---|
| 005 | 20260121173635.0 | ||
| 008 | 008 260114s9999 xx 000 0 eng d | ||
| 020 | _a9781489975812 | ||
| 037 | _aEBOOK | ||
| 040 | _aCRL | ||
| 040 | _beng | ||
| 040 | _cCRL | ||
| 041 | _2eng | ||
| 041 | _aeng | ||
| 084 | _qCRL | ||
| 100 |
_aRobert L. Bettinger Raven Garvey Shannon Tushingham _91103383 |
||
| 245 | 0 | _aHunter-Gatherers | |
| 260 | _bSpringer | ||
| 260 | _bSpringer | ||
| 260 | _c2015 | ||
| 856 | _uhttps://link.springer.com/openurl?genre=book&isbn=978-1-4899-7581-2 | ||
| 942 | _cEBOOK | ||
| 999 |
_c1669128 _d1669128 |
||